000 01220nam a2200325 i 4500
003 EG-GICUC
005 20260204175932.0
008 260107s1986 ua |||fr|||| 00| 0 d
017 _a1946/ 86
040 _a EG-GICUC
_bara
_c EG-GICUC
_d EG-GICUC
_erda
041 1 _aAra
082 0 4 _221
_a343.637
_bع ز . م
092 0 4 _221
099 _aLaw1 10 343.637 ع ز . م 1986
100 0 _aعزت حسنين
_eمؤلف.
245 1 2 _aالمخدرات والمسكرات بين الشريعة والقانون :
_bدراسة مقارنة /
_cتأليف المستشار عزت حسنين .
250 _aالطبعة الأولى
264 1 _a[مكان النشر غير محدد ] :
_b[الناشر غير محدد]،
_c1986.
300 _a409 صفحة؛
_c24 سم.
336 _2rda content
_atext
337 _2rda media
_aComputer
338 _2rda carrier
_aOnline Resource
546 _aالنص باللغة العربية
650 1 _aإدمان الخمور والمخدرات والجريمة
_2qrmak
650 1 _aالقانون الجنائى
_2qrmak
651 1 _2qrmak
856 4 0 _uhttps://fll.law.cu.edu.eg/fulltext/bks/B10-07726.pdf
905 _a54
_eYara
942 _2ddc
_cBK
_e21
_n0
999 _c55227
_d55227